Kouzelný králíček. Výlet k moři /
Další příběh s králíčkem Šípem ze série o kouzelných zvířátkách.
Uloženo v:
| Série: | Kouzelný králíček,
část 3 |
|---|---|
| Hlavní autor: | |
| Další autoři: | , |
| Médium: | E-kniha |
| Jazyk: | Czech |
| Vydáno: |
V Praze :
Fragment,
2023
|
| Vydání: | 1. vydání |
| Témata: | |
| Příbuzné jednotky: | Přeloženo z:
Magic Bunny Z cyklu:: Kouzelný králíček |
| Tagy: |
Žádné tagy |
| LEADER | 02670nam a2200529 i 4500 | ||
|---|---|---|---|
| 001 | 311900 | ||
| 003 | CZ PrSKC | ||
| 005 | 20260601215713.0 | ||
| 007 | ta | ||
| 008 | 230421s2023 xr a b 000 j cze d | ||
| 015 | |a cnb003516149 | ||
| 020 | |a 9788025362280 |q (vázáno) : |c Kč 199,00 | ||
| 035 | |a (OCoLC)1381700802 | ||
| 040 | |a ABG001 |b cze |d ABA001 |e rda | ||
| 041 | 1 | |a cze |h eng | |
| 072 | 7 | |a 821.111-3 |x Anglická próza, anglicky psaná |2 Konspekt | |
| 072 | 7 | |a 821-93 |x Literatura pro děti a mládež (beletrie) |2 Konspekt | |
| 080 | |a 821.111-32 |2 MRF | ||
| 080 | |a 821-93 |2 MRF | ||
| 080 | |a (0:82-32) |2 MRF | ||
| 100 | 1 | |a Bentley, Sue, |d 1951- |7 jo2008479178 |4 aut | |
| 240 | 1 | 0 | |a Splash of magic. |l Česky |
| 245 | 1 | 0 | |a Kouzelný králíček. |p Výlet k moři / |c Sue Bentleyová ; ilustrovala Angela Swanová ; z anglického originálu Magic Bunny - splash of magic... přeložila Kateřina Voborská |
| 246 | 3 | 0 | |a Výlet k moři |
| 250 | |a 1. vydání | ||
| 264 | 1 | |a V Praze : |b Fragment, |c 2023 | |
| 300 | |a 118 stran : |b ilustrace ; |c 20 cm | ||
| 336 | |a text |b txt |2 rdacontent | ||
| 337 | |a bez média |b n |2 rdamedia | ||
| 338 | |a svazek |b nc |2 rdacarrier | ||
| 500 | |a Na hřbetu označení: 11 | ||
| 520 | 2 | |a Další příběh s králíčkem Šípem ze série o kouzelných zvířátkách. |b Charlotte se těšila, že s kamarádkou Mel stráví každou volnou chvilku. Dlouho se neviděly a mají si tolik co vyprávět! Po příjezdu však zjišťuje, že si Mel v přímořské vesnici, kam se s celou rodinou před časem přestěhovala, našla nové kamarádky. Bude na ni mít vůbec čas? Charlottin smutek a nejistotu rozptýlí až kouzelný králíček Šíp. Nakladatelská anotace. Kráceno. | |
| 521 | 8 | |a Pro děti od 5 let | |
| 655 | 7 | |a anglické příběhy |7 fd131813 |2 czenas | |
| 655 | 7 | |a publikace pro děti |7 fd133156 |2 czenas | |
| 655 | 9 | |a English stories |2 eczenas | |
| 655 | 9 | |a children's literature |2 eczenas | |
| 700 | 1 | |a Swan, Angela, |d 1982- |7 ola2018992819 |4 ill | |
| 700 | 1 | |a Voborská, Kateřina |7 pna20211113260 |4 trl | |
| 765 | 0 | |t Magic Bunny | |
| 787 | 0 | 8 | |i Z cyklu: |t Kouzelný králíček |g 3 |
| 900 | |a ABA001 |b 20 | ||
| 928 | 9 | |a Albatros Media - Fragment | |
| 044 | |a xr | ||
| 910 | |a RBIT002 | ||
| 998 | |d 373348 |a https://core.palmknihy.cz/api/books/373348/cover?si69sb |b https://core.palmknihy.cz/api/books/373348/cover/400?si69sb |c https://core.palmknihy.cz/api/books/373348/cover/50?si69sb |e 2027-10-19 |g 120 |i 9788025362280 |j https://core.palmknihy.cz/api/books/373348/preview.epub |k https://core.palmknihy.cz/api/books/373348/preview.pdf |l |q 49 |r 1 |s https://www.palmknihy.cz/kniha/373348 |t ebook |y 2023 |z 0 | ||
| 999 | |d 311898 | ||